Electronic drafting and design (Record no. 20866)

000 -LEADER
fixed length control field 00602nam a22002051 4500
001 - CONTROL NUMBER
control field 20866
003 - CONTROL NUMBER IDENTIFIER
control field BD-DhUET
008 - FIXED-LENGTH DATA ELEMENTS--GENERAL INFORMATION
fixed length control field 840208s1966 nyua b 000 0 eng
040 ## - CATALOGING SOURCE
Original cataloging agency DLC
Transcribing agency DLC
Modifying agency BD-DhUET
082 00 - DEWEY DECIMAL CLASSIFICATION NUMBER
Classification number 623.004
Item number RAS/1966
100 ## - MAIN ENTRY--PERSONAL NAME
Personal name Raskhodoff, Nicholas M.
245 10 - TITLE STATEMENT
Title Electronic drafting and design
250 ## - EDITION STATEMENT
Edition statement 1st ed.
260 ## - PUBLICATION, DISTRIBUTION, ETC. (IMPRINT)
Place of publication, distribution, etc. New Jersey
Date of publication, distribution, etc. 1966
Name of publisher, distributor, etc. Prentice-Hall
300 ## - PHYSICAL DESCRIPTION
Extent xii, 594 p.
Other physical details illus.
Dimensions 24 cm.
490 ## - SERIES STATEMENT
Series statement Prentice-Hall series in electronic technology
504 ## - BIBLIOGRAPHY, ETC. NOTE
Bibliography, etc Includes bibliographies
650 #0 - SUBJECT ADDED ENTRY--TOPICAL TERM
Topical term or geographic name as entry element Electrical Engineering : Design and drafting
942 ## - ADDED ENTRY ELEMENTS (KOHA)
Koha item type General Book
Holdings
Koha normalized classification for sorting Date acquired Copy number Source of classification or shelving scheme Shelving location Not for loan Sublocation or collection (holding branch) Piece designation (barcode) Damaged status Koha item type Location (home branch) Price effective from Lost status Koha date last seen Koha full call number Withdrawn status
623_004000000000000_RAS_19662015-04-131 Circulation section Central Library, BUET7779 General BookCentral Library, BUET2015-04-13 2015-04-13623.004/RAS/1966 
623_004000000000000_RAS_19662015-04-132 Circulation section Central Library, BUET7778 General BookCentral Library, BUET2015-04-13 2015-04-13623.004/RAS/1966 
623_004000000000000_RAS_19662015-04-133 Circulation section Central Library, BUET7782 General BookCentral Library, BUET2015-04-13 2015-04-13623.004/RAS/1966 
623_004000000000000_RAS_19662015-04-134 Circulation section Central Library, BUET7780 General BookCentral Library, BUET2015-04-13 2015-04-13623.004/RAS/1966 
623_004000000000000_RAS_19662015-04-135 Circulation section Central Library, BUET20020 General BookCentral Library, BUET2015-04-13 2015-04-13623.004/RAS/1966 
623_004000000000000_RAS_19662015-04-136 Circulation section Central Library, BUET7781 General BookCentral Library, BUET2015-04-13 2015-04-13623.004/RAS/1966 
623_004000000000000_RAS_19662015-06-257 Reading section Central Library, BUET7783 General BookCentral Library, BUET2015-06-25 2015-06-25623.004/RAS/1966